000 00377cam a22001097a 4500
008 180718b1962 xxu||||| |||| 00| 0 eng d
082 _aR112x54 In2
100 _aPlanning Commission
245 _aCase studies of pilot projects (series I) for the utilization of Rural manpower
_cby Planning Commission
260 _aDelhi
_bProgramme Evaluation Organisation
_c1962
300 _a221p
999 _c417804
_d417804